Catania Best Scorer By Year - Statistics

General Stats
  • This quiz has been taken 38 times
  • The average score is 4 of 13
Answer Stats
Player % Correct
Giuseppe Mascara
87%
Gonzalo Bergessio
80%
Maxi López
60%
Francesco Lodi
57%
Gionatha Spinesi
50%
Jorge Martínez
40%
Aldo Cantarutti
7%
Adelmo Prenna
3%
Aquilino Bonfanti
0%
Bruno Petroni
0%
Carlo Facchin
0%
Giovanni Fanello
0%
Vittorio Ghiandi
0%
No matching quizzes found
Score Distribution
Percent of People with Each Score
Percentile by Number Answered
Your Score History
You have not taken this quiz